000 00658nam a22001817a 4500
005 20251108172936.0
008 250721s9999 xx 000 0 ara d
082 1 4 _a210.42902/نوف
100 1 _aنوفل، يوسف يونس
245 1 0 _aالبيئة التاريخية متحف عالمي لسانه إسلامي /
264 1 _aالمنصورة :
_bمكتبة جزيرة الورد،
_c[200-].
300 _a80 ص.
490 0 _aدائرة معارف بيئتنا الحضاريةسفينتنا الربانيةنحو فقه إسلامي معاصر
650 1 7 _aالتاريخ
650 1 7 _aالإسلام
942 _2ddc
_cBK
999 _c92391
_d92391